Programa de estudio para la educación especial y-o diferencial: déficit deficiencia mental: área lenguaje oral y lectoescrito

সংরক্ষণ করুন:
গ্রন্থ-পঞ্জীর বিবরন
সংস্থা লেখক: Ministerio de Educación Pública (Author)
বিন্যাস: গ্রন্থ
ভাষা:স্প্যানিশ
প্রকাশিত: Santiago Ministerio de Educación Pública 1976
বিষয়গুলি:
ট্যাগগুলো: ট্যাগ যুক্ত করুন
কোনো ট্যাগ নেই, প্রথমজন হিসাবে ট্যাগ করুন!

MARC

LEADER 00000nam a2200000 a 4500
001 UCY9358
003 CL-VaPUC
008 950717e19760800CL |||||||||||||||||spa|d
082 0 4 |a 371.928  |b MIN  |2 21 
110 2 |a Ministerio de Educación Pública  |e author  |9 341463 
245 1 0 |a Programa de estudio para la educación especial y-o diferencial: déficit deficiencia mental: área lenguaje oral y lectoescrito 
300 |a 24 h 
942 |c BK 
945 |d 19950717 00:00:00  |a mfernand 
260 |a Santiago  |b Ministerio de Educación Pública  |c 1976 
650 0 |a Educación especial  |9 307486 
650 0 |a Deficiencia mental  |9 334734 
650 0 |a Desarrollo del lenguaje   |9 311270 
650 0 |a Psicolingüística   |9 283371 
650 0 |a Enseñanza de la lectura  |9 308364 
650 0 |a Enseñanza de la escritura  |9 307377 
583 |a last modification  |c 19950717 00:00:00  |k Rodrigo Vera 
999 |c 236469  |d 236467 
952 |0 0  |1 0  |4 0  |6 371_928000000000000_MIN_1976  |7 0  |8 P  |9 244568  |a BIBEDU  |b BIBEDU  |c BIBEDU_PB  |d 2019-11-18  |i 1533274  |o 371.928 MIN 1976  |p 1533274  |r 2024-01-25  |w 2019-11-18  |y BK  |k EDU